00707nam a22002415i 450000100060000000300090000600500170001500700030003200800410003502000180007604000220009408000190011610000280013524500800016325000120024326000590025530000210031449000130033550000350034865100360038383000130041985200330043212316ES-MaACL20230906150304.0t|920227s1991 sp ||||0| spa j a84-7492-537-1 aM-BN bspa cM-BN a946.011"00/04"1 aStork Gadea, Magdalena.13aLa antigua Galicia b: seis cuadros históricos / cMagdalena Stork Gadea. a2ª ed. aSada, A Coruña : bEdiciós do Castro, cD.L. 1991. a162 p ; c24 cm.1 aHistoria aTexto en español e inglés. 4aGalicia-xHistoria-yHasta S.V.0 aHistoria aES-MaACLjL-19561 bR.122732